|
|
|
|
| LEADER |
00000nas a2200000 a 4500 |
| 001 |
ssj0000694086 |
| 003 |
WaSeSS |
| 005 |
20200512172242.0 |
| 006 |
m d |
| 007 |
cr n |
| 008 |
100426c20089999rm ar ss 0 0eng c |
| 010 |
|
|
|a 2011238802
|
| 022 |
|
|
|a 2066-9917
|l 2065-3158
|
| 035 |
|
|
|a (WaSeSS)ssj0000694086
|
| 040 |
|
|
|a SHS
|b eng
|c SHS
|d OCLCQ
|d IUL
|d CUS
|d HUL
|d OCLCF
|d OCLCO
|d AU@
|d OCLCQ
|d CUS
|d WaSeSS
|
| 042 |
|
|
|a pcc
|
| 050 |
|
4 |
|a QK1
|b .J687
|
| 210 |
0 |
|
|a J. Plant Dev.
|b (Online)
|
| 222 |
|
0 |
|a Journal of Plant Development
|b (Online)
|
| 245 |
0 |
0 |
|a Journal of plant development
|h [electronic resource].
|
| 260 |
|
|
|a Iași :
|b Botanic Garden of Iași
|
| 310 |
|
|
|a Annual
|
| 362 |
1 |
|
|a Began in 2008.
|
| 506 |
|
|
|a License restrictions may limit access.
|
| 550 |
|
|
|a Issued by: Botanic Garden "Anastasie Fatu" of Iași, University "Alexandru Ioan Cuza" of Iași.
|
| 580 |
|
|
|a "Journal of Plant Development is the current name of the previous scientific periodical Buletinul Gradinii Botanice Iași (between 1993 and 2007), and Culegere de Studii și Articole de Biologie (between 1979 and 1993)."
|
| 588 |
|
|
|a Description based on: Vol. 10 (2001); title from HTML header, table of contents page, (publisher's Web site, viewed Sept. 22, 2010).
|
| 588 |
|
|
|a Latest issue consulted: Vol. 18 (2011) (publisher's Web site, viewed Dec. 17, 2012).
|
| 650 |
|
0 |
|a Botany
|v Periodicals.
|
| 650 |
|
7 |
|a Botany.
|2 fast
|0 (OCoLC)fst00836869
|
| 655 |
|
0 |
|a Electronic journals.
|
| 710 |
2 |
|
|a Grădina Botanică "Anastasie Fătu" Iași.
|
| 776 |
0 |
8 |
|i Print version:
|t Journal of plant development
|x 2065-3158
|
| 780 |
0 |
0 |
|t Buletinul Gradinii Botanice Iași
|w (DLC) 2012234837
|w (OCoLC)652357972
|
| 856 |
4 |
0 |
|z Full text available from Research Library: 2008 to present
|u https://search.proquest.com/publication/676306
|